Handbook of Optical Dimensional Metrology

書誌詳細
その他の著者: Harding K. Kevin (редактор)
要約:Due to their speed, data density, and versatility, optical metrology tools play important roles in today's high-speed industrial manufacturing applications. Handbook of Optical Dimensional Metrology provides useful background information and practical examples to help readers understand and effectively use state-of-the-art optical metrology methods. The book first builds a foundation for evaluating optical measurement methods. It explores the many terms of optical metrology and compares it to other forms of metrology, such as mechanical gaging, highlighting the limitations and errors associated with each mode of measurement at a general level. This comparison is particularly helpful to current industry users who operate the most widely applied mechanical tools.The book then focuses on each application area of measurement, working down from large area to medium-sized to submicron measurements. It describes the measurement of large objects on the scale of buildings, the measurement of durable manufactured goods such as aircraft engines and appliances, and the measurement of fine features on the micron and nanometer scales. In each area, the book covers fast, coarse measures as well as the finest measurements possible. Best practices and practical examples for each technology aid readers in effectively using the methods. Requiring no prior expertise in optical dimensional metrology, this handbook helps engineers and quality specialists understand the capabilities and limitations of optical metrology methods. It also shows them how to successfully apply optical metrology to a vast array of current engineering and scientific problems.
言語:英語
出版事項: New York, Taylor & Francis, 2013
シリーズ:Series in optics and optoelectronics
主題:
フォーマット: MixedMaterials 図書
KOHA link:https://koha.lib.tpu.ru/cgi-bin/koha/opac-detail.pl?biblionumber=255273

MARC

LEADER 00000nam0a2200000 4500
001 255273
005 20231101233018.0
010 |a 9781439854815 
035 |a (RuTPU)RU\TPU\book\277778 
090 |a 255273 
100 |a 20140327d2013 k y0engy50 ba 
101 0 |a eng 
102 |a US 
105 |a a g 001zy 
200 1 |a Handbook of Optical Dimensional Metrology  |f edited by K. Harding 
210 |a New York  |c Taylor & Francis  |c CRC Press  |d 2013 
215 |a 492 p.  |c il. 
225 1 |a Series in optics and optoelectronics 
320 |a Index: p. 481-492. 
330 |a Due to their speed, data density, and versatility, optical metrology tools play important roles in today's high-speed industrial manufacturing applications. Handbook of Optical Dimensional Metrology provides useful background information and practical examples to help readers understand and effectively use state-of-the-art optical metrology methods. The book first builds a foundation for evaluating optical measurement methods. It explores the many terms of optical metrology and compares it to other forms of metrology, such as mechanical gaging, highlighting the limitations and errors associated with each mode of measurement at a general level. This comparison is particularly helpful to current industry users who operate the most widely applied mechanical tools.The book then focuses on each application area of measurement, working down from large area to medium-sized to submicron measurements. It describes the measurement of large objects on the scale of buildings, the measurement of durable manufactured goods such as aircraft engines and appliances, and the measurement of fine features on the micron and nanometer scales. In each area, the book covers fast, coarse measures as well as the finest measurements possible. Best practices and practical examples for each technology aid readers in effectively using the methods. Requiring no prior expertise in optical dimensional metrology, this handbook helps engineers and quality specialists understand the capabilities and limitations of optical metrology methods. It also shows them how to successfully apply optical metrology to a vast array of current engineering and scientific problems. 
606 1 |a Оптические измерения  |2 stltpush  |3 (RuTPU)RU\TPU\subj\69863  |9 84538 
606 1 |a Контрольно-измерительные инструменты и приборы оптические  |2 stltpush  |3 (RuTPU)RU\TPU\subj\15591  |9 41825 
610 1 |a метрология 
610 1 |a оптическая метрология 
610 1 |a размерная метрология 
610 1 |a справочники 
610 1 |a английский язык 
675 |a 535(035)  |v 3 
675 |a 681.78(035)  |v 3 
702 1 |a Harding  |b K.  |g Kevin  |4 340 
801 1 |a RU  |b 63413507  |c 20140327 
801 2 |a RU  |b 63413507  |c 20141211  |g RCR 
942 |c BK 
959 |a 44/20140311  |d 1  |e 0  |f ЧЗИЛ:1